000 00453nam a2200169 a 4500
001 0000-9351
003 ELIB.Books
008 110520 1957
035 _a(ELIB.Books)0000-9503
082 _a220.12
_bFil
100 _aFilson, Floyd V.
245 _aWhich Books Belong in the Bible
260 _bPhiladelphia: The Westminster Press
_c1957
650 _aBible
942 _2ddc
_cBK
998 _cbat
_e2011-05-20
_mcat
_u2019-07-12
999 _c9351
_d9351